Seventh CANMET/ACI International Conference on fly ash, silica fume, slag and natural pozzolans in concrete [vol-1]/ (Record no. 852)
[ view plain ]
| 000 -LEADER | |
|---|---|
| fixed length control field | 00420 a2200097 4500 |
| 082 ## - DEWEY DECIMAL CLASSIFICATION NUMBER | |
| Classification number | 620.136 ACI |
| 245 ## - TITLE STATEMENT | |
| Title | Seventh CANMET/ACI International Conference on fly ash, silica fume, slag and natural pozzolans in concrete [vol-1]/ |
| Statement of responsibility, etc. | editor, V. M. Malhotra. |
| 260 ## - PUBLICATION, DISTRIBUTION, ETC. | |
| Place of publication, distribution, etc. | Farmington Hills, Mich. : |
| Name of publisher, distributor, etc. | American Concrete Institute, |
| Date of publication, distribution, etc. | c2001. |
| 300 ## - PHYSICAL DESCRIPTION | |
| Extent | 1 v. (viii, ix, 957 p.) : |
| Other physical details | ill. ; |
| Dimensions | 23 cm. |
| 650 ## - SUBJECT ADDED ENTRY--TOPICAL TERM | |
| Topical term or geographic name entry element | Concrete |
| Location of event | SP 199 |
| 650 ## - SUBJECT ADDED ENTRY--TOPICAL TERM | |
| Topical term or geographic name entry element | Concrete |
| General subdivision | Additives |
| Withdrawn status | Lost status | Damaged status | Not for loan | Permanent Location | Current Location | Shelving location | Date acquired | Total Checkouts | Full call number | Barcode | Date last seen | Price effective from | Koha item type |
|---|---|---|---|---|---|---|---|---|---|---|---|---|---|
| School of Civil and Environmental Engineering (SCEE) | School of Civil and Environmental Engineering (SCEE) | 620.136 ACI | NIT-712 | 01/05/2017 | 01/05/2017 | Book | |||||||
| School of Civil and Environmental Engineering (SCEE) | School of Civil and Environmental Engineering (SCEE) | NIT-2365 | 01/05/2017 | 01/05/2017 | Book |
